[Event "CRO-chT (Women)"]
[Site "Sibenik"]
[Date "2016.10.12"]
[Round "6.2"]
[White "Hlavac, Iva"]
[Black "Sargac, Rajna"]
[Result "1/2-1/2"]
[WhiteElo "1922"]
[BlackElo "2168"]
[PlyCount "57"]
[EventDate "2016.10.08"]
[EventType "team-tourn"]
[EventRounds "9"]
[EventCountry "CRO"]
[SourceTitle "EXT 2017"]
[Source "ChessBase"]
[SourceDate "2016.10.25"]
[SourceVersion "1"]
[SourceVersionDate "2016.10.25"]
[SourceQuality "1"]
[WhiteTeam "Djakovo Dama (W)"]
[BlackTeam "Busevec Polet (W)"]
[WhiteTeamCountry "CRO"]
[BlackTeamCountry "CRO"]

1. e4 e5 2. Nf3 Nc6 3. Bb5 f5 4. Bxc6 dxc6 5. Nxe5 Qd4 6. Nf3 Qxe4+ 7. Qe2 Qxe2+ 8. Kxe2 Bd7 9. Re1 0-0-0 10. Kf1 Nf6 11. d3 h6 12. Ne5 Be8 13. Bd2 Bc5 14. c3 Bh5 15. d4 Bf8 16. b4 g5 17. f3 Bd6 18. h3 Be8 19. a4 Rg8 20. Na3 c5 21. bxc5 Bxc5 22. Nb5 a6 23. dxc5 axb5 24. axb5 Bxb5+ 25. c4 Ba6 26. Bc3 Nd7 27. c6 Nxe5 28. cxb7+ Bxb7 29. Rxe5 1/2-1/2

[Event "CRO-chT (Women) 24th"]
[Site "Bol"]
[Date "2015.10.07"]
[Round "6.14"]
[White "Sargac, Rajna"]
[Black "Hlavac, Iva"]
[Result "1-0"]
[WhiteElo "2161"]
[BlackElo "1886"]
[PlyCount "113"]
[EventDate "2015.10.03"]
[EventType "team-tourn"]
[EventRounds "9"]
[EventCountry "CRO"]
[SourceTitle "CBM 168 Extra"]
[Source "ChessBase"]
[SourceDate "2015.10.29"]
[SourceVersion "1"]
[SourceVersionDate "2015.10.29"]
[SourceQuality "1"]
[WhiteTeam "Busevec Polet (W)"]
[BlackTeam "Djakovo Dama (W)"]
[WhiteTeamCountry "CRO"]
[BlackTeamCountry "CRO"]

1. d4 f5 2. Nc3 Nf6 3. Bg5 h6 4. Bxf6 exf6 5. e4 Qe7 6. Qh5+ Qf7 7. Qxf7+ Kxf7 8. exf5 c6 9. Be2 Bb4 10. Bh5+ Ke7 11. Nf3 d5 12. Nh4 Bxc3+ 13. bxc3 Kd6 14. 0-0 Na6 15. Rfe1 Bd7 16. Re3 Be8 17. Re6+ Kd7 18. Ng6 Bxg6 19. Bxg6 Nc7 20. Re3 Nb5 21. Rae1 Rad8 22. Re7+ Kc8 23. Rxg7 Rd7 24. Ree7 Rxe7 25. Rxe7 Nxc3 26. Rf7 Ne2+ 27. Kf1 Nxd4 28. Rxf6 Nxc2 29. Re6 Nd4 30. Re5 Rf8 31. g4 Nf3 32. Re7 Nxh2+ 33. Kg2 Nxg4 34. Kg3 Nf6 35. Kf4 d4 36. Bf7 Ng8 37. Be6+ Kb8 38. Bxg8 Rxg8 39. f6 Rg2 40. f3 Rg6 41. f7 Rf6+ 42. Ke4 d3 43. Kxd3 Rxf3+ 44. Ke4 Rf1 45. Re8+ Kc7 46. f8Q Rxf8 47. Rxf8 b5 48. Rh8 Kb6 49. Kd4 c5+ 50. Kd5 c4 51. Rxh6+ Ka5 52. Kc5 c3 53. Rh3 b4 54. Rh4 c2 55. Rc4 c1Q 56. Rxc1 Ka4 57. Rh1 1-0

[Event "CRO-chT (Women) 24th"]
[Site "Bol"]
[Date "2015.10.04"]
[Round "3.44"]
[White "Sargac, Rajna"]
[Black "Krnjic, Iva"]
[Result "1-0"]
[WhiteElo "2161"]
[BlackElo "1367"]
[PlyCount "101"]
[EventDate "2015.10.03"]
[EventType "team-tourn"]
[EventRounds "9"]
[EventCountry "CRO"]
[SourceTitle "CBM 168 Extra"]
[Source "ChessBase"]
[SourceDate "2015.10.29"]
[SourceVersion "1"]
[SourceVersionDate "2015.10.29"]
[SourceQuality "1"]
[WhiteTeam "Busevec Polet (W)"]
[BlackTeam "Zagreb Mladost (W)"]
[WhiteTeamCountry "CRO"]
[BlackTeamCountry "CRO"]

1. d4 Nf6 2. c4 e6 3. g3 d5 4. Bg2 Be7 5. Nf3 0-0 6. 0-0 b6 7. Qc2 c6 8. Nbd2 Nbd7 9. e4 dxe4 10. Nxe4 Bb7 11. Ne5 Nxe4 12. Bxe4 Nf6 13. Nxc6 Bxc6 14. Bxc6 Rc8 15. Bb7 Rc7 16. Ba6 Qxd4 17. Bf4 e5 18. Be3 Qg4 19. f3 Qh3 20. Qg2 Qxg2+ 21. Kxg2 Bc5 22. Bxc5 Rxc5 23. b4 Rc7 24. Rfe1 Re7 25. Re3 Rd8 26. Rae1 Rd2+ 27. R1e2 Rxe2+ 28. Rxe2 Kf8 29. Bb5 Ne8 30. c5 Nc7 31. Bc4 b5 32. Bb3 f6 33. Rd2 Ke8 34. Kf2 Rd7 35. Rxd7 Kxd7 36. Ke3 a6 37. Ke4 Ke7 38. Bg8 g6 39. h4 Kf8 40. Bd5 Ke7 41. g4 h6 42. h5 g5 43. Bb7 Ke6 44. Bc8+ Ke7 45. Kf5 Kf7 46. Bd7 Kg7 47. Be6 Kf8 48. Kxf6 Ne8+ 49. Kxe5 Ke7 50. Bc8 Nc7 51. Bb7 1-0

[Event "CRO-chT2 Ost"]
[Site "Croatia"]
[Date "2015.04.25"]
[Round "1.43"]
[White "Cajzler, Hinko"]
[Black "Sargac, Rajna"]
[Result "0-1"]
[WhiteElo "2136"]
[BlackElo "2135"]
[PlyCount "84"]
[EventDate "2015.04.25"]
[EventType "team-tourn"]
[EventRounds "11"]
[EventCountry "CRO"]
[SourceTitle "EXT 2016"]
[Source "ChessBase"]
[SourceDate "2015.10.08"]
[SourceVersion "1"]
[SourceVersionDate "2015.10.08"]
[SourceQuality "1"]

1. d4 e6 2. c4 f5 3. g3 Nf6 4. Bg2 c6 5. Nf3 d5 6. Qc2 Bd6 7. 0-0 0-0 8. b3 Qe7 9. Nbd2 Nbd7 10. Bb2 b6 11. Ne5 Bb7 12. a4 a5 13. Ndf3 Rac8 14. Ne1 c5 15. N1d3 Ne4 16. f3 Nef6 17. dxc5 Bxe5 18. Nxe5 Nxe5 19. Bxe5 Qxc5+ 20. Kh1 dxc4 21. Bxf6 Rxf6 22. bxc4 Qxc4 23. Qb2 Qb4 24. Rfb1 Qxb2 25. Rxb2 e5 26. Rab1 Ba6 27. Kg1 Rcc6 28. Kf2 Kf7 29. Bf1 Ke7 30. e3 Bxf1 31. Kxf1 Kd7 32. Rb5 Rfe6 33. R1b2 Kc7 34. Ke2 g6 35. h4 Rc3 36. R5b3 Rc4 37. Ra2 e4 38. f4 Rec6 39. Rbb2 Rc1 40. Kf2 R6c3 41. Rd2 Rh1 42. Rac2 Rh2+ 0-1

[Event "CRO-chT2 Ost"]
[Site "Croatia"]
[Date "2015.04.25"]
[Round "2.33"]
[White "Sargac, Rajna"]
[Black "Milurovic, Uros"]
[Result "0-1"]
[WhiteElo "2135"]
[BlackElo "2094"]
[PlyCount "74"]
[EventDate "2015.04.25"]
[EventType "team-tourn"]
[EventRounds "11"]
[EventCountry "CRO"]
[SourceTitle "EXT 2016"]
[Source "ChessBase"]
[SourceDate "2015.10.08"]
[SourceVersion "1"]
[SourceVersionDate "2015.10.08"]
[SourceQuality "1"]

1. d4 Nf6 2. c4 e6 3. g3 Bb4+ 4. Bd2 Qe7 5. Bg2 a5 6. Nf3 0-0 7. 0-0 Bxd2 8. Qxd2 d6 9. Nc3 Nc6 10. e4 e5 11. dxe5 Nxe5 12. Nxe5 dxe5 13. Nd5 Qd8 14. Qg5 c6 15. Nxf6+ Qxf6 16. Qxf6 gxf6 17. f4 Rd8 18. h3 c5 19. Rfd1 Rd4 20. Rxd4 cxd4 21. Kf2 Bd7 22. Ke2 Kf8 23. g4 Ke7 24. Rf1 b5 25. c5 b4 26. Rc1 Be6 27. g5 Bxa2 28. Kd3 a4 29. c6 a3 30. bxa3 b3 31. gxf6+ Kxf6 32. fxe5+ Ke7 33. Rf1 b2 34. Kc2 b1Q+ 35. Rxb1 Bxb1+ 36. Kxb1 Rxa3 37. Kc1 Rg3 0-1

[Event "CRO-chT (Women)"]
[Site "Bol"]
[Date "2014.10.04"]
[Round "1.3"]
[White "Raguz, Ivanka"]
[Black "Sargac, Rajna"]
[Result "0-1"]
[WhiteElo "1895"]
[BlackElo "2146"]
[PlyCount "46"]
[EventDate "2014.10.04"]
[EventType "team-tourn"]
[EventRounds "7"]
[EventCountry "CRO"]
[SourceTitle "CBM 162 Extra"]
[Source "ChessBase"]
[SourceDate "2014.10.17"]
[SourceVersion "1"]
[SourceVersionDate "2014.10.17"]
[SourceQuality "1"]
[WhiteTeam "Djakovo (W)"]
[BlackTeam "Busevec Polet (W)"]
[WhiteTeamCountry "CRO"]
[BlackTeamCountry "CRO"]

1. e4 c5 2. Nf3 Nc6 3. d4 cxd4 4. Nxd4 Nf6 5. Nc3 e5 6. Ndb5 d6 7. Bg5 a6 8. Na3 b5 9. Bxf6 gxf6 10. Nd5 f5 11. exf5 Bxf5 12. c3 Bg7 13. Nc2 0-0 14. Nce3 Be6 15. Qc2 f5 16. Nb4 Nxb4 17. cxb4 d5 18. g3 d4 19. Rd1 Qe7 20. Ng2 Qxb4+ 21. Rd2 Bxa2 22. Be2 e4 23. Bd1 Rac8 0-1

[Event "CRO-ch (Women)"]
[Site "Zagreb"]
[Date "2014.02.08"]
[Round "7"]
[White "Ivekovic, Tihana"]
[Black "Sargac, Rajna"]
[Result "1/2-1/2"]
[WhiteElo "2041"]
[BlackElo "2166"]
[PlyCount "94"]
[EventDate "2014.02.04"]
[EventType "tourn"]
[EventRounds "9"]
[EventCountry "CRO"]
[SourceTitle "CBM 158 Extra"]
[Source "ChessBase"]
[SourceDate "2014.02.28"]
[SourceVersion "1"]
[SourceVersionDate "2014.02.28"]
[SourceQuality "1"]

1. d4 e6 2. c4 f5 3. Nc3 Nf6 4. g3 Be7 5. Bg2 0-0 6. Nf3 d6 7. 0-0 Qe8 8. Qc2 Qg6 9. Re1 Nc6 10. a3 e5 11. d5 Nb8 12. b4 Qh5 13. Qb3 Ng4 14. h3 Nh6 15. c5 Nf7 16. cxd6 cxd6 17. e4 fxe4 18. g4 Qg6 19. Nxe4 h5 20. g5 Nh8 21. Nxe5 dxe5 22. d6+ Be6 23. Qg3 Bd8 24. Nf6+ gxf6 25. Bxb7 Nd7 26. Bxa8 fxg5 27. Be4 Qf6 28. Be3 Bb6 29. a4 Nf7 30. Red1 Bd4 31. Rac1 h4 32. Qg2 Nxd6 33. Bxd4 exd4 34. Bd5 Bf7 35. Rc7 Nb6 36. Bxf7+ Rxf7 37. Rxf7 Nxf7 38. a5 Nd7 39. Qa8+ Nf8 40. Qxa7 Ne6 41. Qa8+ Kg7 42. Qe4 Ne5 43. Kf1 Nc4 44. Rd3 Ne5 45. Rd1 Nc4 46. Rd3 Ne5 47. Rd1 Nc4 1/2-1/2

[Event "CRO-ch (Women)"]
[Site "Zagreb"]
[Date "2014.02.07"]
[Round "6"]
[White "Sargac, Rajna"]
[Black "Jelica, Mara"]
[Result "0-1"]
[WhiteElo "2166"]
[BlackElo "2229"]
[PlyCount "50"]
[EventDate "2014.02.04"]
[EventType "tourn"]
[EventRounds "9"]
[EventCountry "CRO"]
[SourceTitle "CBM 158 Extra"]
[Source "ChessBase"]
[SourceDate "2014.02.28"]
[SourceVersion "1"]
[SourceVersionDate "2014.02.28"]
[SourceQuality "1"]

1. e4 c5 2. Nf3 Nc6 3. d4 cxd4 4. Nxd4 g6 5. Nc3 Bg7 6. Be3 Nf6 7. f3 0-0 8. Qd2 d5 9. Nxc6 bxc6 10. 0-0-0 e6 11. Bh6 Qc7 12. Bxg7 Kxg7 13. h4 h5 14. Qg5 Rb8 15. g4 Rh8 16. e5 Nd7 17. f4 Qb6 18. b3 Qe3+ 19. Kb2 Rb4 20. Ne2 Ba6 21. Rh3 Qf2 22. Ng3 hxg4 23. Qxg4 Rxf4 24. Qg5 Bxf1 25. Rxf1 Qd4+ 0-1

[Event "CRO-ch (Women)"]
[Site "Zagreb"]
[Date "2014.02.05"]
[Round "2"]
[White "Sargac, Rajna"]
[Black "Saric, Zrinka"]
[Result "0-1"]
[WhiteElo "2166"]
[BlackElo "2096"]
[PlyCount "62"]
[EventDate "2014.02.04"]
[EventType "tourn"]
[EventRounds "9"]
[EventCountry "CRO"]
[SourceTitle "CBM 158 Extra"]
[Source "ChessBase"]
[SourceDate "2014.02.28"]
[SourceVersion "1"]
[SourceVersionDate "2014.02.28"]
[SourceQuality "1"]

1. d4 Nf6 2. e3 g6 3. f4 d6 4. Nf3 Bg7 5. Bd3 0-0 6. 0-0 c5 7. dxc5 dxc5 8. Qe2 Nc6 9. c3 e5 10. e4 exf4 11. Bxf4 Ng4 12. Bc4 Nge5 13. Nxe5 Nxe5 14. Bd5 Qb6 15. c4 Nc6 16. Nc3 Nd4 17. Qd2 Be6 18. Rab1 Qa6 19. Bh6 Rae8 20. Bxg7 Kxg7 21. Rf2 Bxd5 22. cxd5 Qd6 23. Rbf1 Qe5 24. Rf4 b5 25. Nd1 f5 26. Rh4 h5 27. exf5 Qxd5 28. Qa5 Rxf5 29. Qxa7+ Kg8 30. Nf2 Ne2+ 31. Kh1 Rxf2 0-1

[Event "Bosnjaci op 19th"]
[Site "Bosnjaci"]
[Date "2014.01.07"]
[Round "7"]
[White "Sargac, Rajna"]
[Black "Rogulj, Branko"]
[Result "0-1"]
[WhiteElo "2172"]
[BlackElo "2429"]
[PlyCount "70"]
[EventDate "2014.01.03"]
[EventType "swiss"]
[EventRounds "9"]
[EventCountry "CRO"]
[SourceTitle "CBM 158 Extra"]
[Source "ChessBase"]
[SourceDate "2014.02.28"]
[SourceVersion "1"]
[SourceVersionDate "2014.02.28"]
[SourceQuality "1"]

1. d4 Nf6 2. e3 g6 3. f4 Bg7 4. Nf3 0-0 5. Bd3 d6 6. 0-0 c5 7. dxc5 dxc5 8. Qe2 Nc6 9. c3 e5 10. e4 Bg4 11. h3 Bxf3 12. Rxf3 exf4 13. Bxf4 Nd7 14. Nd2 Nde5 15. Re3 Qh4 16. Rf1 Rad8 17. Bc2 b5 18. Bxe5 Nxe5 19. Nf3 Qh6 20. Nxe5 Bxe5 21. Rd3 Rxd3 22. Qxd3 c4 23. Qe2 Qg5 24. Rd1 a6 25. Rd5 Qf4 26. Qd2 Qh2+ 27. Kf2 Bf4 28. Qd1 Bg3+ 29. Kf3 Bc7 30. Qf1 f5 31. e5 Bxe5 32. Ke2 Re8 33. Kd2 Bf4+ 34. Kd1 Qg3 35. Rd4 Bh6 0-1

[Event "Bosnjaci op 19th"]
[Site "Bosnjaci"]
[Date "2014.01.05"]
[Round "4"]
[White "Mutapcic, Ilija"]
[Black "Sargac, Rajna"]
[Result "0-1"]
[WhiteElo "1856"]
[BlackElo "2172"]
[PlyCount "52"]
[EventDate "2014.01.03"]
[EventType "swiss"]
[EventRounds "9"]
[EventCountry "CRO"]
[SourceTitle "CBM 158 Extra"]
[Source "ChessBase"]
[SourceDate "2014.02.28"]
[SourceVersion "1"]
[SourceVersionDate "2014.02.28"]
[SourceQuality "1"]

1. d4 e6 2. Nf3 f5 3. Nc3 d5 4. Bg5 Nf6 5. g3 Be7 6. Bxf6 Bxf6 7. Bg2 0-0 8. 0-0 Nd7 9. e3 c6 10. Ne2 b6 11. Rc1 Ba6 12. Re1 Rc8 13. b3 Qe7 14. c4 Rfd8 15. Qc2 Bb7 16. a4 c5 17. Nf4 g5 18. Nd3 dxc4 19. bxc4 Be4 20. Qe2 Nb8 21. Nfe5 cxd4 22. exd4 Rxd4 23. Bxe4 fxe4 24. Qe3 Rcd8 25. Ng4 exd3 26. Nh6+ Kg7 0-1

[Event "CRO-chT2 East"]
[Site "Osijek"]
[Date "2013.10.13"]
[Round "9.23"]
[White "Sargac, Rajna"]
[Black "Patarcic, Domagoj"]
[Result "0-1"]
[WhiteElo "2163"]
[BlackElo "2087"]
[PlyCount "93"]
[EventDate "2013.04.20"]
[EventType "team-tourn"]
[EventRounds "11"]
[EventCountry "CRO"]
[SourceTitle "EXT 2023"]
[Source "ChessBase"]
[SourceDate "2022.10.05"]
[SourceVersion "1"]
[SourceVersionDate "2022.10.05"]
[SourceQuality "1"]

1. e4 Nc6 2. d4 d5 3. e5 Bf5 4. Nf3 Qd7 5. Bb5 e6 6. 0-0 Nge7 7. Nbd2 a6 8. Ba4 b5 9. Bb3 Na5 10. a4 b4 11. Re1 c5 12. dxc5 Nec6 13. Nf1 Bxc5 14. Be3 Nxb3 15. cxb3 Be7 16. Rc1 0-0 17. Bc5 Rfc8 18. Bxe7 Nxe7 19. Qd2 a5 20. Ne3 h6 21. Nc4 Qd8 22. Nd6 Rxc1 23. Rxc1 f6 24. Nxf5 Nxf5 25. g4 Ne7 26. exf6 Qf8 27. f7+ Qxf7 28. Ne5 Qf6 29. Qe3 Rd8 30. Rc7 Ng6 31. Nd7 Qe7 32. Qa7 Qg5 33. h3 Nf4 34. Qe3 d4 35. Qf3 e5 36. h4 Qe7 37. Qc6 d3 38. Rc8 d2 39. Rxd8+ Qxd8 40. Qd6 Ne2+ 41. Kg2 Nd4 42. g5 hxg5 43. Qd5+ Kh8 44. Qf7 d1Q 45. Nxe5 Qa8+ 46. Kh3 Qdh1+ 47. Kg3 0-1

[Event "CRO-chT2 East"]
[Site "Osijek"]
[Date "2013.10.12"]
[Round "8.53"]
[White "Talic, Adam"]
[Black "Sargac, Rajna"]
[Result "0-1"]
[WhiteElo "1828"]
[BlackElo "2163"]
[PlyCount "86"]
[EventDate "2013.04.20"]
[EventType "team-tourn"]
[EventRounds "11"]
[EventCountry "CRO"]
[SourceTitle "EXT 2023"]
[Source "ChessBase"]
[SourceDate "2022.10.05"]
[SourceVersion "1"]
[SourceVersionDate "2022.10.05"]
[SourceQuality "1"]

1. e4 c5 2. Nf3 d6 3. Nc3 e5 4. Bc4 Be6 5. Bd5 Nc6 6. d3 Nf6 7. 0-0 Be7 8. a3 Bg4 9. h3 Bh5 10. g4 Bg6 11. Ba2 Qd7 12. Nh4 Nxe4 13. Nxg6 Nxc3 14. Qf3 Ne2+ 15. Kh2 hxg6 16. Bxf7+ Kd8 17. Qxe2 Nd4 18. Qd1 Nxc2 19. Rb1 g5 20. Bg6 Nd4 21. Be3 Qe6 22. Be4 d5 23. Bg2 Bd6 24. Bxg5+ Kc7 25. Kg1 Raf8 26. Be3 Qf6 27. Bxd4 exd4 28. Qd2 Qe5 29. f4 Rxf4 30. Rxf4 Qxf4 31. Qxf4 Bxf4 32. Rf1 g5 33. Re1 Kd6 34. Bf1 b5 35. Kg2 c4 36. dxc4 bxc4 37. Be2 Rb8 38. Rb1 d3 39. Bxd3 cxd3 40. Kf3 d2 41. h4 Rxb2 42. Rd1 Rb3+ 43. Ke2 gxh4 0-1

[Event "CRO-chT2 East"]
[Site "Osijek"]
[Date "2013.05.11"]
[Round "5.42"]
[White "Miletic, Josip"]
[Black "Sargac, Rajna"]
[Result "1/2-1/2"]
[WhiteElo "2213"]
[BlackElo "2163"]
[PlyCount "66"]
[EventDate "2013.04.20"]
[EventType "team-tourn"]
[EventRounds "11"]
[EventCountry "CRO"]
[SourceTitle "EXT 2023"]
[Source "ChessBase"]
[SourceDate "2022.10.05"]
[SourceVersion "1"]
[SourceVersionDate "2022.10.05"]
[SourceQuality "1"]

1. Nf3 e6 2. g3 f5 3. Bg2 Nf6 4. d3 d5 5. Nbd2 Bc5 6. c3 0-0 7. b4 Bb6 8. a4 a5 9. 0-0 Re8 10. Qc2 e5 11. e4 axb4 12. cxb4 Nc6 13. b5 Nd4 14. Nxd4 Bxd4 15. Bb2 Bxb2 16. Qxb2 fxe4 17. dxe4 d4 18. f4 Ng4 19. Nc4 exf4 20. Rxf4 Be6 21. h3 Bxc4 22. Rxg4 Be6 23. Rf4 Qd7 24. Kh2 c5 25. bxc6 bxc6 26. e5 Red8 27. Rc1 Rab8 28. Qd2 c5 29. Rxc5 Qxa4 30. Rc6 Qa2 31. Qxa2 Bxa2 32. Rd6 d3 33. Rfd4 Re8 1/2-1/2

[Event "CRO-chT2 East"]
[Site "Osijek"]
[Date "2013.05.11"]
[Round "4.32"]
[White "Sargac, Rajna"]
[Black "Oreskovic, Pero"]
[Result "1-0"]
[WhiteElo "2163"]
[BlackElo "2041"]
[PlyCount "63"]
[EventDate "2013.04.20"]
[EventType "team-tourn"]
[EventRounds "11"]
[EventCountry "CRO"]
[SourceTitle "EXT 2023"]
[Source "ChessBase"]
[SourceDate "2022.10.05"]
[SourceVersion "1"]
[SourceVersionDate "2022.10.05"]
[SourceQuality "1"]

1. e4 Nf6 2. Qf3 d6 3. h3 Nc6 4. c3 e5 5. g4 d5 6. d3 Bc5 7. Ne2 Be6 8. Ng3 Qd7 9. Nf5 dxe4 10. Nxg7+ Ke7 11. dxe4 Nxe4 12. Nxe6 Bxf2+ 13. Ke2 Qd5 14. Nd2 Ng3+ 15. Kxf2 Nxh1+ 16. Kg2 Qxe6 17. Bc4 Qg6 18. Ne4 Raf8 19. Kxh1 f5 20. gxf5 Rxf5 21. Bg5+ Rxg5 22. Nxg5 Qxg5 23. Qf7+ Kd8 24. Be6 Qd2 25. Qf6+ Ke8 26. Qxh8+ Ke7 27. Bb3 Qf2 28. Qxh7+ Kd6 29. Qd3+ Kc5 30. a4 a6 31. a5 b5 32. Qd5# 1-0

[Event "CRO-chT2 East"]
[Site "Osijek"]
[Date "2013.04.20"]
[Round "2.21"]
[White "Martinovic, Slobodan"]
[Black "Sargac, Rajna"]
[Result "1-0"]
[WhiteElo "2425"]
[BlackElo "2163"]
[PlyCount "97"]
[EventDate "2013.04.20"]
[EventType "team-tourn"]
[EventRounds "11"]
[EventCountry "CRO"]
[SourceTitle "EXT 2023"]
[Source "ChessBase"]
[SourceDate "2022.10.05"]
[SourceVersion "1"]
[SourceVersionDate "2022.10.05"]
[SourceQuality "1"]

1. c4 e6 2. Nf3 g6 3. d4 Bg7 4. e4 Ne7 5. Nc3 b6 6. Bd3 h6 7. Be3 d5 8. Qd2 Bb7 9. cxd5 exd5 10. e5 Qd7 11. Rc1 c6 12. 0-0 Ba6 13. Ne2 Bxd3 14. Qxd3 Qf5 15. Qa3 Qd7 16. Nf4 0-0 17. Rfe1 Nf5 18. e6 Qb7 19. g4 Nxe3 20. Qxe3 Qe7 21. Ne5 Bxe5 22. Qxe5 Qg5 23. exf7+ Kxf7 24. Qxg5 hxg5 25. Ne6 Rc8 26. Nxg5+ Kf6 27. h4 Na6 28. Rc3 Re8 29. Rxc6+ Kg7 30. Ree6 Rxe6 31. Nxe6+ Kg8 32. Nf4 Nb4 33. Rxg6+ Kh7 34. Rd6 Rf8 35. Nxd5 Nxd5 36. Rxd5 Rf4 37. Rh5+ Kg6 38. Rg5+ Kf6 39. Kg2 Rxd4 40. Kg3 Rb4 41. b3 Rd4 42. Rf5+ Kg6 43. Re5 Rd7 44. h5+ Kg7 45. g5 Kf7 46. f4 Rd2 47. Kg4 Rxa2 48. Kf5 Rb2 49. g6+ 1-0

[Event "CRO-ch (Women)"]
[Site "Rijeka"]
[Date "2013.03.14"]
[Round "7"]
[White "Sargac, Rajna"]
[Black "Jelica, Mara"]
[Result "0-1"]
[WhiteElo "2163"]
[BlackElo "2233"]
[PlyCount "30"]
[EventDate "2013.03.09"]
[EventType "tourn"]
[EventRounds "9"]
[EventCountry "CRO"]
[SourceTitle "CBM 153 Extra"]
[Source "ChessBase"]
[SourceDate "2013.04.22"]
[SourceVersion "1"]
[SourceVersionDate "2013.04.22"]
[SourceQuality "1"]

1. e4 c5 2. Nc3 Nc6 3. f4 d6 4. Nf3 g6 5. Bc4 Bg7 6. b3 e6 7. Bb2 Nge7 8. 0-0 0-0 9. Qe1 Nd4 10. Nxd4 cxd4 11. Ne2 d3 12. Bxg7 dxe2 13. Bf6 exf1Q+ 14. Kxf1 d5 15. exd5 Qd6 0-1

[Event "CRO-ch (Women)"]
[Site "Rijeka"]
[Date "2013.03.12"]
[Round "5"]
[White "Purgar, Ivona"]
[Black "Sargac, Rajna"]
[Result "0-1"]
[WhiteElo "2144"]
[BlackElo "2163"]
[PlyCount "68"]
[EventDate "2013.03.09"]
[EventType "tourn"]
[EventRounds "9"]
[EventCountry "CRO"]
[SourceTitle "CBM 153 Extra"]
[Source "ChessBase"]
[SourceDate "2013.04.22"]
[SourceVersion "1"]
[SourceVersionDate "2013.04.22"]
[SourceQuality "1"]

1. e4 e6 2. d4 d5 3. Nd2 Nc6 4. Bb5 Nf6 5. e5 Nd7 6. c3 f6 7. exf6 Qxf6 8. Ngf3 Bd6 9. 0-0 0-0 10. Nb3 a6 11. Bd3 e5 12. Bg5 Qf7 13. dxe5 Ndxe5 14. Nxe5 Nxe5 15. Be2 Nc4 16. Qc1 Qg6 17. Bxc4 dxc4 18. Nd4 h6 19. Bh4 c5 20. Nc2 Bf5 21. Ne3 Bd3 22. Re1 Qf7 23. Qd2 Bf4 24. b3 b5 25. Qb2 cxb3 26. axb3 c4 27. b4 Rae8 28. Nf1 Re6 29. Rxe6 Qxe6 30. Qa2 Qe5 31. Bg3 Bxf1 32. Rxf1 Bxg3 33. hxg3 Qxc3 34. Qb1 Qd2 0-1

[Event "CRO-ch (Women)"]
[Site "Rijeka"]
[Date "2013.03.10"]
[Round "3"]
[White "Saric, Zrinka"]
[Black "Sargac, Rajna"]
[Result "0-1"]
[WhiteElo "2134"]
[BlackElo "2163"]
[PlyCount "100"]
[EventDate "2013.03.09"]
[EventType "tourn"]
[EventRounds "9"]
[EventCountry "CRO"]
[SourceTitle "CBM 153 Extra"]
[Source "ChessBase"]
[SourceDate "2013.04.22"]
[SourceVersion "1"]
[SourceVersionDate "2013.04.22"]
[SourceQuality "1"]

1. e4 g6 2. d4 Bg7 3. Nc3 c6 4. f4 d5 5. e5 Nh6 6. Nf3 0-0 7. Be2 Na6 8. 0-0 Nc7 9. Kh1 f6 10. Be3 Ne6 11. g3 b6 12. Nh4 f5 13. h3 Bb7 14. Bf3 Qd7 15. Ne2 c5 16. c3 Rac8 17. Qd3 Nd8 18. Rad1 e6 19. Qd2 Qe7 20. Ng2 Nc6 21. g4 Ba6 22. Rc1 cxd4 23. cxd4 Qb4 24. Rfd1 Qxd2 25. Rxd2 Nb4 26. a3 Rxc1+ 27. Nxc1 Rc8 28. Rd1 Nc6 29. b4 Bc4 30. Ne2 Bf8 31. Rc1 a5 32. bxa5 bxa5 33. g5 Nf7 34. Rc3 a4 35. Nc1 Na7 36. Bd1 Nb5 37. Rc2 Bxa3 38. Ne1 Ra8 39. Ned3 Bxc1 40. Nxc1 a3 41. Be2 Bxe2 42. Rxe2 Nc3 43. Re1 a2 44. Nb3 Rb8 45. Na1 Rb1 46. Bd2 Nd1 47. Nc2 Nf2+ 48. Kh2 Nd3 49. Re3 Rb2 50. Rxd3 Rxc2 0-1

[Event "CRO-chT (Women) 21st"]
[Site "Sibenik"]
[Date "2012.09.25"]
[Round "4.3"]
[White "Sargac, Rajna"]
[Black "Ivekovic, Irena"]
[Result "1-0"]
[WhiteElo "2153"]
[BlackElo "1898"]
[PlyCount "67"]
[EventDate "2012.09.23"]
[EventType "team-tourn"]
[EventRounds "9"]
[EventCountry "CRO"]
[SourceTitle "CBM 150 Extra"]
[Source "ChessBase"]
[SourceDate "2012.10.19"]
[SourceVersion "1"]
[SourceVersionDate "2012.10.19"]
[SourceQuality "1"]
[WhiteTeam "Busevec Polet (W)"]
[BlackTeam "Rijeka Milenij Hoteli (W)"]
[WhiteTeamCountry "CRO"]
[BlackTeamCountry "CRO"]

1. d4 Nf6 2. e3 g6 3. c4 Bg7 4. g3 d6 5. Bg2 Nbd7 6. Ne2 0-0 7. Nbc3 c6 8. b3 Qc7 9. h3 Re8 10. Bb2 e5 11. Qd2 a5 12. 0-0 Nb6 13. c5 dxc5 14. dxe5 Nfd5 15. f4 Nb4 16. Ne4 c4 17. Nd6 Rd8 18. Rfd1 Be6 19. Nd4 cxb3 20. Nxe6 fxe6 21. axb3 N6d5 22. e4 Ne7 23. Kh2 c5 24. Bf1 Nc8 25. Bc4 Nxd6 26. exd6 Qd7 27. f5 Kh8 28. fxe6 Qe8 29. Bxg7+ Kxg7 30. Rf1 b5 31. Qc3+ Kh6 32. Rf4 bxc4 33. Rh4+ Kg5 34. Qe5# 1-0

[Event "CRO-chT (Women) 21st"]
[Site "Sibenik"]
[Date "2012.09.24"]
[Round "2.3"]
[White "Sargac, Rajna"]
[Black "Kukic, Lora"]
[Result "1-0"]
[WhiteElo "2153"]
[BlackElo "1902"]
[PlyCount "39"]
[EventDate "2012.09.23"]
[EventType "team-tourn"]
[EventRounds "9"]
[EventCountry "CRO"]
[SourceTitle "CBM 150 Extra"]
[Source "ChessBase"]
[SourceDate "2012.10.19"]
[SourceVersion "1"]
[SourceVersionDate "2012.10.19"]
[SourceQuality "1"]
[WhiteTeam "Busevec Polet (W)"]
[BlackTeam "Rijeka Draga (W)"]
[WhiteTeamCountry "CRO"]
[BlackTeamCountry "CRO"]

1. e4 c5 2. Nc3 Nc6 3. f4 g6 4. Nf3 Bg7 5. Bb5 e6 6. Bxc6 bxc6 7. 0-0 d5 8. d3 Ne7 9. Qe1 Qa5 10. Kh1 0-0 11. Nxd5 Qd8 12. Ne3 Re8 13. Qh4 Ba6 14. Ng5 h6 15. Nh3 Nc8 16. Qg3 Nd6 17. e5 Nb5 18. f5 exf5 19. Nxf5 Nd4 20. Nxh6+ 1-0